1507 1117 1393 1898 1818 1762 1321 1638 1110 1305 1226 1845 1499 1971 1136 1534 1490 1649 1200 1482 1322 1040 1948 1207 1110 1515 1892 1935 1786 1070 1289 1564 1255 1662 1761 1474 1389 1726 1193 1395 1446 1640 1270 1728 1480 1978 1402 1548 1755 1113 1355 1598 1100 1080 1257 1597 1386 1040 1812 1712 1566 1060 1230 1627 1818 1500 1326 1917 1421 1720 1473 1381 1554 1514 1189 1658 1914 1725 1326 1128 1090 1316 1727 1843 1229 1826 1881 1561 1628 1801 1300 1572 1176 1358 1647 1646 1116 1153 1194 BCNSPRNW ULIB Ver.6.0+V

เปลี่ยนเป็นภาษาไทย

Change to English
 แสดงรายละเอียดบรรณานุกรม
  กลับหน้าหลัก

Brief Record : Get Marc (ISO 2709) : E-mail record : QR code < ปิดหน้าต่าง
LEADER : 00000nam 2200000uu 4500
001    13399112375
003     ULIB
008    110809s2549||||th 000 0 tha d
020    9749507606
020    9789749507605
060 04 QV77.2^bม456ค 2549
100 0  มาโนช หล่อตระกูล
245 10 คู่มือการใช้ยาทางจิตเวช /^cมาโนช หล่อตระกูล
250    พิมพ์ครั้งที่ 3
260    กรุงเทพฯ :^bหมอชาวบ้าน,^c2549
300    172 หน้า ;^c21 ซม.
650  7 ยารักษาทางระบบประสาทและจิต
650  7 จิตเภสัชวิทยา
945    ^p150^l0^i14198
945    ^p150^l0^i14197
995    กัณชพร
999     ^aใช้งานได้ทุกระบบ
รายการนี้ยังไม่มีแท็ก
คุณยังไม่ได้ล็อกอิน คุณสามารถมีกิจกรรมร่วมกับเว็บไซต์ได้ แต่ต้องล็อกอินก่อน ::
  ล็อกอิน

รายการสื่อสารสนเทศ

ลำดับที่ ประเภท เลขเรียก/บาร์โค้ด สถานที่ สถานะ
1. วิทยาศาสตร์การแพทย์ และสุขภาพ
วิทยาศาสตร์การแพทย์ และสุขภาพ
QV77.2 ม456ค 2549 ฉ.2 
  Barcode: 14197
ห้องสมุดวิทยาเขตสวรรค์ประชารักษ์
►หนังสือทั่วไป
บนชั้น

รายการใกล้เคียง
    ผู้แต่ง [มาโนช หล่อตระกูล]

    หัวเรื่อง [ยารักษาทางระบบประสาทและจิต]
    หัวเรื่อง [จิตเภสัชวิทยา]

BibComment


ยังไม่เคยถูกคอมเมนท์

คอมเมนท์ทรัพยากรรายการนี้
  คอมเมนท์: คู่มือการใช้ยาทาง..


 Copyright 2026. Bcnsprnw @Library